|
|
|
|
| LEADER |
01705nam a2200505 i 4500 |
| 001 |
nkc20193087182 |
| 003 |
CZ PrNK |
| 005 |
20190509123306.0 |
| 007 |
ta |
| 008 |
190405s2019 xr a a 000 1 slo |
| 015 |
|
|
|a cnb003087182
|
| 020 |
|
|
|a 978-80-252-4459-3
|q (vázáno)
|
| 035 |
|
|
|a (OCoLC)1104143936
|
| 040 |
|
|
|a BOA001
|b cze
|e rda
|
| 041 |
1 |
|
|a slo
|h eng
|
| 072 |
|
7 |
|a 821-93
|x Literatura pro děti a mládež (beletrie)
|2 Konspekt
|9 26
|
| 080 |
|
|
|a 821-93
|2 MRF
|
| 080 |
|
|
|a (0.025.2)
|2 MRF
|
| 100 |
1 |
|
|a Richards, Kitty
|7 xx0135069
|4 aut
|
| 240 |
1 |
0 |
|a Thumper counts to ten.
|l Slovensky
|
| 245 |
1 |
0 |
|a Dupkáč sa učí počítať /
|c napísala Kitty Richards ; ilustrovali Lori Tyminski & Dean Gordon
|
| 250 |
|
|
|a Prvé vydanie
|
| 264 |
|
1 |
|a V Prahe :
|b Egmont,
|c 2019
|
| 300 |
|
|
|a 18 nečíslovaných stran :
|b barevné ilustrace ;
|c 20 cm
|
| 336 |
|
|
|a text
|b txt
|2 rdacontent
|
| 336 |
|
|
|a statický obraz
|b sti
|2 rdacontent
|
| 337 |
|
|
|a bez média
|b n
|2 rdamedia
|
| 338 |
|
|
|a svazek
|b nc
|2 rdacarrier
|
| 490 |
1 |
|
|a Disney. Bunnies
|
| 500 |
|
|
|a Přeloženo z angličtiny
|
| 500 |
|
|
|a Kartonové listy
|
| 521 |
8 |
|
|a Pro děti od 3 let
|
| 655 |
|
7 |
|a leporela
|7 fd132727
|2 czenas
|
| 655 |
|
7 |
|a publikace pro děti
|7 fd133156
|2 czenas
|
| 655 |
|
9 |
|a folding picture-books
|2 eczenas
|
| 655 |
|
9 |
|a children's literature
|2 eczenas
|
| 700 |
1 |
|
|a Tyminski, Lori
|7 xx0082861
|4 ill
|
| 700 |
1 |
|
|a Gordon, Dean
|4 ill
|
| 830 |
|
0 |
|a Disney.
|p Bunnies
|0 s
|
| 910 |
2 |
|
|a BOA001
|b 1-1425.834
|
| 928 |
9 |
|
|a Albatros Media - Egmont
|
| 990 |
|
|
|a BK
|
| 995 |
|
|
|a 01
|
| 991 |
|
|
|b 201904
|c NOV
|
| 996 |
6 |
|
|b 2610778660
|c 1-1425.834
|l MZK
|r Sklad / do 1 hodiny
|n 0
|p p.v.
|w 001718129
|u 000010
|a 1
|e BOA001
|j MZK50
|s P
|